Procuración de justicia y derechos humanos : análisis de recomendaciones de la Comisión Nacional de Derechos Humanos /
De 1990 a 1996 la Comisión Nacional de Derechos Humanos de México ha emitido un total de 1054 recomendaciones, de este universo el autor analiza 505 por corresponder, según estima, al ámbito de la procuración de justicia penal, en particular de las acciones realizadas por el Ministerio Público duran...
保存先:
| 第一著者: | |
|---|---|
| フォーマット: | 図書 |
| 言語: | スペイン語 |
| 出版事項: |
México :
Comisión Nacional de Derechos Humanos,
1997, c1997
|
| 主題: | |
| タグ: |
タグなし, このレコードへの初めてのタグを付けませんか!
|
MARC
| LEADER | 00000nam^a2200000^a^4500 | ||
|---|---|---|---|
| 001 | 000304799 | ||
| 005 | 20250625000000.0 | ||
| 009 | 20260310112728.197 | ||
| 020 | |a 970-644-080-1 | ||
| 037 | |a Acervo ITESO - Biblioteca | ||
| 041 | |a ESP | ||
| 082 | |a 323. 0972 |b BEH | ||
| 100 | |a Behem Rosas, Héctor |e (investigación) | ||
| 245 | 1 | 0 | |a Procuración de justicia y derechos humanos : |b análisis de recomendaciones de la Comisión Nacional de Derechos Humanos / |c Investigación de H. Behm Rosas. |
| 264 | 4 | |a México : |b Comisión Nacional de Derechos Humanos, |c 1997, c1997 | |
| 300 | |a 328 p. | ||
| 336 | |a texto |b txt |2 rdacontenido | ||
| 337 | |a sin mediación |b n |2 rdamedio | ||
| 338 | |a volumen |b nc |2 rdasoporte | ||
| 520 | |a De 1990 a 1996 la Comisión Nacional de Derechos Humanos de México ha emitido un total de 1054 recomendaciones, de este universo el autor analiza 505 por corresponder, según estima, al ámbito de la procuración de justicia penal, en particular de las acciones realizadas por el Ministerio Público durante el proceso de la averiguación previa y en algunos otros, por la actuación de los agentes policiales. | ||
| 649 | |a XX | ||
| 650 | |a Comisión Nacional de Derechos Humanos - |z México | ||
| 650 | |a Ministerio Público - |z México | ||
| 650 | |a Policía - |z México | ||
| 650 | |a Abuso de Poder - |z México | ||
| 650 | |a Justicia - |x Administración - |z México - |x Tema Principal | ||
| 650 | |a Derechos Humanos - |z México - |x Tema Principal | ||
| 650 | |a Responsabilidad Administrativa - |z México | ||
| 650 | |a Sanciones (Derecho) - |z México | ||
| 650 | |a Averiguación Previa - |z México | ||
| 650 | |a Derecho Penal - |z México | ||
| 650 | |a Derecho Público - |z México | ||
| 910 | |a Fondo General | ||
| 920 | |a Impresos - Libros | ||
| 930 | |a Colección General | ||
| 905 | |a 101 | ||
| 901 | |a 0500190898 |b IT1 |c ACC |d DT |i D52725 |u 20250625 | ||
| 902 | |a https://opac.biblio.iteso.mx/vufind/Record/000304799 | ||